Yeat - 2093 Tracklist - Statistics

General Stats
  • This quiz has been taken 225 times
  • The average score is 16 of 22
Answer Stats
No. Answer % Correct
2 Breathe
94%
22 1093
93%
15 2093
91%
1 Psycho CEO
87%
21 If We Being Real
86%
3 Power Trip
81%
8 Lyfestyle
79%
5 Bought the Earth
77%
9 ILUV
77%
4 More
77%
14 Team CEO
71%
10 Tell Me
70%
16 Stand On It
65%
17 Familia
64%
6 Nothing Change
64%
7 U Should Know
63%
11 Shade
62%
13 Riot and Set it Off
58%
19 Psychocaine
56%
12 Keep Pushin
55%
20 Run They Mouth
55%
18 Mr. Inbetweenit
54%
No matching quizzes found
Score Distribution
Percent of People with Each Score
Percentile by Number Answered
Your Score History
You have not taken this quiz